UK Motorways to Map - Statistics

General Stats
  • This quiz has been taken 1,449 times
  • The average score is 14 of 36
Answers on the Map
Answers color-coded by a green-red scale on the quiz's map according to % correct below.
 
Answer Stats
Answer % Correct
M25
90%
M1
76%
M4
72%
M6
70%
M5
69%
M3
61%
M11
57%
M40
55%
M2
47%
M42
47%
M20
46%
M27
46%
M2 (NI)
46%
M62
45%
M23
43%
M1 (NI)
42%
M60
39%
M48
37%
M8
33%
M18
32%
M50
32%
M180
29%
M69
28%
M74
28%
M54
26%
M56
26%
M61
26%
M9
26%
M90
24%
M77
23%
M53
22%
M65
22%
M55
21%
M80
21%
M58
18%
M57
17%
No matching quizzes found
Score Distribution
Percent of People with Each Score
Percentile by Number Answered
Your Score History
You have not taken this quiz